|
|
|
|
| LEADER |
00000cam a22000004a 4500 |
| 001 |
musev2_46018 |
| 003 |
MdBmJHUP |
| 005 |
20230905044818.0 |
| 006 |
m o d |
| 007 |
cr||||||||nn|n |
| 008 |
131101s2013 ksu o 00 0 eng d |
| 020 |
|
|
|a 9780700622474
|
| 020 |
|
|
|z 9780700619399
|
| 035 |
|
|
|a (OCoLC)966824793
|
| 040 |
|
|
|a MdBmJHUP
|c MdBmJHUP
|
| 100 |
1 |
|
|a McKnight, Gerald.
|
| 245 |
1 |
0 |
|a BREACH OF TRUST :
|b How the Warren Commission Failed the Nation and Why /
|c Gerald D. McKnight.
|
| 264 |
|
1 |
|a Lawrence, Kansas :
|b University Press of Kansas,
|c [2013]
|
| 264 |
|
3 |
|a Baltimore, Md. :
|b Project MUSE,
|c 2017
|
| 264 |
|
4 |
|c ©[2013]
|
| 300 |
|
|
|a 1 online resource (488 pages):
|b illustrations
|
| 336 |
|
|
|a text
|b txt
|2 rdacontent
|
| 337 |
|
|
|a computer
|b c
|2 rdamedia
|
| 338 |
|
|
|a online resource
|b cr
|2 rdacarrier
|
| 505 |
0 |
|
|a Assembling the "official truth" of Dallas -- Creating the Warren Commission -- Oswald in Mexico : seven days that shook the government -- The Warren Commission behind closed doors -- The Warren Commission confronts the evidence -- The Warren Commission's "smoking guns" -- The JFK autopsy -- Birth of the "single-bullet" fabrication -- Politics of the "single-bullet" fabrication -- FBI blunders and cover-ups in the JFK assassination -- Senator Russell dissents -- Was Oswald a government "agent"? -- JFK, Cuba, and the "Castro problem."
|
| 588 |
|
|
|a Description based on print version record.
|
| 600 |
1 |
7 |
|a Oswald, Lee Harvey.
|2 fast
|0 (OCoLC)fst00016900
|
| 600 |
1 |
7 |
|a Kennedy, John F.
|q (John Fitzgerald),
|d 1917-1963.
|2 fast
|0 (OCoLC)fst00035588
|
| 600 |
1 |
0 |
|a Oswald, Lee Harvey.
|
| 600 |
1 |
0 |
|a Kennedy, John F.
|q (John Fitzgerald),
|d 1917-1963
|x Assassination.
|
| 610 |
1 |
7 |
|a United States.
|b Warren Commission.
|2 fast
|0 (OCoLC)fst00530201
|
| 610 |
1 |
0 |
|a United States.
|b Warren Commission.
|
| 650 |
|
7 |
|a Assassination.
|2 fast
|0 (OCoLC)fst00818962
|
| 650 |
|
7 |
|a HISTORY / United States / 20th Century
|2 bisacsh
|
| 655 |
|
7 |
|a Electronic books.
|2 local
|
| 710 |
2 |
|
|a Project Muse.
|e distributor
|
| 830 |
|
0 |
|a Book collections on Project MUSE.
|
| 856 |
4 |
0 |
|z Texto completo
|u https://projectmuse.uam.elogim.com/book/46018/
|
| 945 |
|
|
|a Project MUSE - Custom Collection
|
| 945 |
|
|
|a Project MUSE - Archive Complete Supplement V
|
| 945 |
|
|
|a Project MUSE - Archive History Supplement V
|